000 00815nam a2200265Ia 4500
003 OSt
005 20220925212704.0
006 a|||||r|||| 00| 0
007 ta
008 220923b |||||||| |||| 00| 0 eng d
020 _a0 04 352029 4
037 _cGeneral Book
040 _aRTL
_cRTL
_beng
041 _2eng
_aeng
082 _aNB3,N, K4;L0
100 _aCullingworth J B
_9136356
245 0 _aTown and country planning in England and Wales
_b The Changing scene
250 _a3rd
260 _aLondon
_bAllen and Unwin UK
_c1970
300 _a341p. Bib at the end of each chapter.; Appendix p 332-34.
_ccm.
490 _aNew town and country hall series
650 _aFine Arts
_934717
942 _hNB3,N, K4;L0
_cGB
_2CC
999 _c560951
_d560951